000 00275nam a2200109Ia 4500
008 230907s9999||||xx |||||||||||||| ||und||
082 _a621.38224
_bWIL
100 _aWilliams, Tim,
_958419
245 0 _aEMC for product designers /
300 _axvi, 558 pages :
942 _cBK
999 _c598422
_d598422